Random Missing Countries Hidden in the World Map - Statistics

General Stats
  • This quiz has been taken 6,465 times
  • The average score is 15 of 20
Answers on the Map
Answers color-coded by a green-red scale on the quiz's map according to % correct below.
 
Answer Stats
Country % Correct
China
97%
United States
97%
Brazil
94%
Russia
94%
Egypt
92%
Mexico
92%
France
91%
Colombia
90%
DR Congo
90%
Germany
90%
Romania
90%
Venezuela
90%
Argentina
89%
Chad
89%
Italy
89%
Libya
89%
South Sudan
89%
Spain
89%
Algeria
88%
Ethiopia
88%
India
88%
Niger
88%
Peru
88%
Poland
88%
Ukraine
88%
Bolivia
87%
Burkina Faso
87%
Canada
87%
Czech Republic
87%
Panama
87%
Angola
86%
Iran
86%
Kazakhstan
86%
Mali
86%
Nepal
86%
Nigeria
86%
Portugal
86%
Switzerland
86%
Tanzania
86%
Afghanistan
85%
Hungary
85%
Pakistan
85%
Saudi Arabia
85%
Slovenia
85%
South Africa
85%
United Kingdom
85%
Zambia
85%
Central African Republic
84%
Croatia
84%
Honduras
84%
Kenya
84%
Mongolia
84%
Togo
84%
Turkey
84%
Belarus
83%
Botswana
83%
Indonesia
83%
Iraq
83%
Moldova
83%
Myanmar
83%
Namibia
83%
Nicaragua
83%
Republic of the Congo
83%
Sudan
83%
Thailand
83%
Austria
82%
Belgium
82%
Benin
82%
Cameroon
82%
Ghana
82%
Guatemala
82%
Guyana
82%
Laos
82%
Serbia
82%
Australia
81%
Mauritania
81%
Morocco
81%
Mozambique
81%
North Macedonia
81%
Slovakia
81%
Uruguay
81%
Bangladesh
80%
Costa Rica
80%
Senegal
80%
Sweden
80%
Yemen
80%
Bosnia and Herzegovina
79%
Chile
79%
Finland
79%
Guinea
79%
Kosovo
79%
Norway
79%
Oman
79%
Paraguay
79%
Uzbekistan
79%
Armenia
78%
Bulgaria
78%
Jordan
78%
Malawi
78%
Uganda
78%
Zimbabwe
78%
Dominican Republic
77%
Gabon
77%
Ivory Coast
77%
Kyrgyzstan
76%
Liberia
76%
Suriname
76%
Tajikistan
76%
Ecuador
75%
Greece
75%
Cambodia
74%
Latvia
74%
Lesotho
74%
Lithuania
74%
Sierra Leone
74%
Syria
74%
Vietnam
74%
Malaysia
73%
Equatorial Guinea
72%
North Korea
72%
Japan
71%
South Korea
71%
Turkmenistan
71%
Guinea-Bissau
70%
Haiti
70%
Tunisia
70%
Eswatini
69%
Ireland
69%
Netherlands
68%
Rwanda
68%
Denmark
67%
Eritrea
67%
Madagascar
66%
Papua New Guinea
66%
Somalia
66%
Azerbaijan
65%
Israel
64%
Albania
62%
New Zealand
62%
United Arab Emirates
62%
Cuba
61%
Iceland
59%
Estonia
58%
Georgia
58%
Sri Lanka
58%
Jamaica
56%
FS Micronesia
54%
El Salvador
53%
Taiwan
53%
Philippines
52%
Bahamas
51%
Burundi
51%
Malta
51%
Kuwait
49%
Sao Tome and Principe
49%
Comoros
48%
Fiji
48%
Belize
47%
Seychelles
47%
Maldives
45%
Kiribati
43%
Palau
43%
Mauritius
40%
Cape Verde
39%
Samoa
38%
Marshall Islands
37%
Nauru
37%
Tonga
37%
Vanuatu
34%
Solomon Islands
32%
Tuvalu
32%
No matching quizzes found
Score Distribution
Percent of People with Each Score
Percentile by Number Answered
Your Score History
You have not taken this quiz